00940nam a22002297a 45000010005000000030006000050050017000110080041000280200018000690400029000870500008001160820008001241000029001322450049001612600047002103000045002575050007003025200330003095210019006395210018006586500034006769548FISKH20260122091240.0260122b cb ||||| |||| 00| 0 eng d a9781420745443 aFISKHbengcFISKHdFISKH aPZ7 a910 aBatra, Vaishali eAuthor aGreat landmarks /cWritten by Vaishali Batra aMarlborough :bSundance Publishing ,c2015 a24 pages :bcolor illustrations ;c19 cm aN  aLandmarks stand out from what is around them. Some landmarks are natural, such as mountains. Some landmarks are built by people. This book is about landmarks. These are often called monuments. They often stand for something, or are symbols. They may honor great people or events. These are many built landmarks in the world. 8 a530 bLexile 8 aN bRaz-Plus  aMonumentsvHonor great people